Comuni della Provincia di Sondrio (con mappa) - Statistics

Statistiche generali
  • Questo quiz è stato fatto 120 volte
  • Il punteggio medio è 40 su 77
Risposte nella Mappa
Le risposte nella mappa del quiz sottostante sono codificate secondo una scala di colori dal rosso al verde in base alla % di persone che hanno risposto correttamente.
 
Statistiche sulle risposte
Risposta % Corretto
Sondrio
98%
Livigno
94%
Bormio
91%
Tirano
89%
Chiavenna
80%
Aprica
78%
Morbegno
78%
Teglio
76%
Valfurva
72%
Grosio
70%
Sondalo
70%
Valdidentro
69%
Chiesa in Valmalenco
67%
Madesimo
67%
Valdisotto
65%
Grosotto
63%
Villa di Tirano
59%
Talamona
57%
Val Masino
57%
Castione Andevenno
56%
Cosio Valtellino
56%
Chiuro
54%
Novate Mezzola
54%
Traona
54%
Ardenno
52%
Dubino
52%
Albosaggia
50%
Bianzone
50%
Campodolcino
50%
Delebio
50%
Piateda
50%
Villa di Chiavenna
50%
Berbenno di Valtellina
48%
Colorina
48%
Piuro
48%
Poggiridenti
48%
Tartano
48%
Andalo Valtellino
46%
Buglio in Monte
46%
Gerola Alta
46%
Montagna in Valtellina
46%
Piantedo
46%
Ponte in Valtellina
46%
Samolaco
46%
Tovo di Sant'Agata
46%
Lanzada
44%
Lovero
44%
Mazzo di Valtellina
44%
Albaredo per San Marco
43%
Fusine
43%
Mantello
43%
Pedesina
43%
Postalesio
43%
Rasura
43%
Sernio
43%
Verceia
43%
Caiolo
41%
Caspoggio
41%
Cedrasco
41%
Cercino
41%
Civo
41%
Forcola
41%
Gordona
41%
Rogolo
41%
Bema
39%
Cino
39%
Mello
39%
Mese
39%
Torre di Santa Maria
39%
Vervio
39%
Dazio
37%
Tresivio
37%
Castello dell'Acqua
35%
Faedo Valtellino
35%
San Giacomo Filippo
35%
Prata Camportaccio
33%
Spriana
31%
Nessun quiz corrispondente trovato
Distribuzione punteggi
Percentuale di utenti per punteggio
Percentile per numero di risposta
I tuoi punteggi nel tempo
Non hai fatto questo quiz